[Event "C.to Europeo U12 femminile"]
[Site "Budva MNE"]
[Date "2013.10.06"]
[Round "7"]
[White "Giordano, Giulia"]
[Black "Verbin, Valentina"]
[Result "1/2-1/2"]
[WhiteElo "1620"]
[BlackElo "1445"]
[PlyCount "135"]
[EventDate "2013.09.29"]

1. d4 Nf6 2. Nf3 e6 3. e3 b6 4. Bd3 Bb7 5. Nbd2 Be7 6. O-O O-O 7. c3 d6 8. e4
Nbd7 9. Ne1 c5 10. f4 Qc7 11. e5 Nd5 12. Qh5 g6 13. Qh3 Qc8 14. Ne4 dxe5 15.
fxe5 cxd4 16. cxd4 Qd8 17. Bh6 Re8 18. Qf3 f5 19. exf6 N7xf6 20. Bb5 Nc7 21.
Nxf6+ Bxf6 22. Qxf6 Qxf6 23. Rxf6 Nxb5 24. Be3 Rad8 25. Rd1 e5 26. Rf2 exd4 27.
Bg5 Rd5 28. Bh4 Re6 29. Rfd2 Red6 30. Bf2 Kf7 31. a4 Nc7 32. Rxd4 Rxd4 33. Rxd4
Rxd4 34. Bxd4 Ne6 35. Be3 Kf6 36. Kf2 Ke5 37. Ke2 Nd4+ 38. Kd3 Nf5 39. Bf2 Be4+
40. Kc4 Nd6+ 41. Kc3 Kd5 42. Be3 Nc4 43. Bf2 Ne5 44. Bg3 Ng4 45. Bb8 a6 46. h3
Ne3 47. g3 Nf5 48. Nd3 a5 49. Nf4+ Kc6 50. Ne6 h6 51. g4 Nd6 52. Nd8+ Kd7 53.
Bxd6 Kxd8 54. Kc4 Kd7 55. Bf8 h5 56. Kb5 Kc7 57. Bh6 Bc6+ 58. Kc4 Bxa4 59. gxh5
gxh5 60. Bf4+ Kc6 61. Be3 Bd1 62. h4 b5+ 63. Kc3 b4+ 64. Kc4 Be2+ 65. Kb3 Kb5
66. Bd2 a4+ 67. Kc2 Kc4 68. Bc1 1/2-1/2

[Event "C.to Europeo U12 femminile"]
[Site "Budva MNE"]
[Date "2013.10.06"]
[Round "7"]
[White "Rosenhain, Rachela"]
[Black "Juretic, Lejla"]
[Result "1-0"]
[WhiteElo "1647"]
[BlackElo "1446"]
[PlyCount "66"]
[EventDate "2013.09.29"]

1. e4 d6 2. d4 Nf6 3. Nc3 g6 4. Nf3 Bg7 5. Be3 c6 6. Be2 Nbd7 7. O-O O-O 8. h3
e5 9. dxe5 Nxe5 10. Qd2 Qe7 11. Rad1 Rd8 12. Nxe5 Qxe5 13. f4 Qe6 14. e5 Ne8
15. g4 Qe7 16. Rfe1 Be6 17. exd6 Rxd6 18. Bd3 Qd7 19. Kh2 Qc7 20. Qg2 Nf6 21.
Kg1 Nd5 22. Nxd5 Bxd5 23. Qf2 Bxb2 24. c4 Bc3 25. Rf1 Be6 26. f5 Bg7 27. fxe6
Rxe6 28. g5 Be5 29. c5 b5 30. cxb6 axb6 31. Bxb6 Qe7 32. Bc4 Qxg5+ 33. Qg2
Qxg2+ 1-0

[Event "C.to Europeo U12 femminile"]
[Site "Budva MNE"]
[Date "2013.10.07"]
[Round "8"]
[White "Arda, Cagil Irmak"]
[Black "Giordano, Giulia"]
[Result "1-0"]
[WhiteElo "1746"]
[BlackElo "1620"]
[PlyCount "91"]
[EventDate "2013.09.29"]

1. e4 d5 2. exd5 Nf6 3. d4 Bg4 4. Be2 Bxe2 5. Qxe2 Qxd5 6. Nf3 e6 7. O-O Be7 8.
c4 Qd8 9. Nc3 O-O 10. h3 c6 11. Be3 Qc7 12. Rac1 Rd8 13. Rfd1 Nbd7 14. Bg5 h6
15. Bh4 Nb6 16. Bg3 Qd7 17. a4 a5 18. Ne5 Qe8 19. b3 c5 20. Nf3 Rac8 21. Nb5
Rd7 22. Qe1 cxd4 23. Qxa5 Qd8 24. Ne5 Ra8 25. Qe1 d3 26. Nxd7 Qxd7 27. Qe3 Qc6
28. Qxd3 Nh5 29. Bc7 Bg5 30. Rc2 Nf4 31. Bxf4 Bxf4 32. Qf3 Qxf3 33. gxf3 Rc8
34. Rc3 Na8 35. Rcd3 Bg5 36. Nd6 Rc7 37. Ne4 Bh4 38. Rd7 b6 39. Rxc7 Nxc7 40.
Rd7 Na6 41. Rd6 f5 42. Rxb6 fxe4 43. Rxa6 exf3 44. c5 Be7 45. c6 Bd6 46. Ra7
1-0

[Event "C.to Europeo U12 femminile"]
[Site "Budva MNE"]
[Date "2013.10.07"]
[Round "8"]
[White "Juretic, Lejla"]
[Black "Schneider, Jana"]
[Result "0-1"]
[WhiteElo "1446"]
[BlackElo "1788"]
[PlyCount "74"]
[EventDate "2013.09.29"]

1. d4 d5 2. Nf3 Nf6 3. Bf4 c5 4. e3 Nc6 5. Nbd2 Qb6 6. dxc5 Qxb2 7. Rb1 Qc3 8.
Bb5 a6 9. Bxc6+ bxc6 10. O-O Qxc5 11. Nd4 e6 12. N2f3 Bd6 13. Bxd6 Qxd6 14. Rb6
Bd7 15. Qd3 e5 16. Nf5 Bxf5 17. Qxf5 Nd7 18. Rb7 Rd8 19. Ng5 Qg6 20. Qxg6 hxg6
21. Rfb1 d4 22. exd4 Rh5 23. Nf3 exd4 24. Re1+ Kf8 25. Nxd4 Rc5 26. Ra7 Rc4 27.
Rd1 Ke8 28. Re1+ Kf8 29. h3 Rxd4 30. Rxa6 c5 31. Rc6 Rd2 32. a4 Rxc2 33. Rd6
Ra2 34. Red1 Ke7 35. Ra6 c4 36. Re1+ Kf8 37. Re4 Nc5 0-1

[Event "C.to Europeo U12 femminile"]
[Site "Budva MNE"]
[Date "2013.10.08"]
[Round "9"]
[White "Milivojevic, Masa"]
[Black "Juretic, Lejla"]
[Result "1/2-1/2"]
[WhiteElo "1557"]
[BlackElo "1446"]
[PlyCount "80"]
[EventDate "2013.09.29"]

1. e4 d6 2. d4 Nf6 3. Nc3 g6 4. Nf3 Bg7 5. Bd3 c6 6. O-O O-O 7. Bf4 Nbd7 8. Re1
Nh5 9. Be3 e5 10. dxe5 Nxe5 11. Nxe5 Bxe5 12. Qd2 Re8 13. Be2 Qh4 14. h3 Bxh3
15. gxh3 Qxh3 16. f4 Qg3+ 17. Kf1 Qh2 18. Bxh5 Qh1+ 19. Bg1 Bxc3 20. Qxc3 Qxh5
21. Rad1 Qb5+ 22. Kg2 Rad8 23. Qb3 Qh5 24. Qh3 Qb5 25. b3 Qb4 26. c4 Qa3 27.
Re2 d5 28. cxd5 cxd5 29. Rde1 dxe4 30. Rxe4 Rxe4 31. Rxe4 Qxa2+ 32. Kh1 Qc2 33.
Re7 Qc6+ 34. Qg2 Qf6 35. Rxb7 Qxf4 36. Rxa7 Qh4+ 37. Qh2 Qe4+ 38. Qg2 Qh4+ 39.
Qh2 Qe4+ 40. Qg2 Qh4+ 1/2-1/2

[Event "C.to Europeo U14"]
[Site "Budva MNE"]
[Date "2013.09.29"]
[Round "1"]
[White "Moroni, Luca jr"]
[Black "Kali, Omer"]
[Result "1-0"]
[WhiteElo "2239"]
[BlackElo "1909"]
[PlyCount "65"]
[EventDate "2013.09.29"]

1. Nf3 Nf6 2. c4 g6 3. b3 Bg7 4. Bb2 O-O 5. g3 c6 6. Bg2 d5 7. O-O Nbd7 8. d3
b6 9. Qc2 Bb7 10. e4 e6 11. Nc3 a6 12. Rad1 Qc7 13. Rfe1 Rfd8 14. d4 Rac8 15.
Qe2 Re8 16. Ne5 Nxe5 17. dxe5 Nxe4 18. Bxe4 dxe4 19. Nxe4 Red8 20. Nd6 Rb8 21.
c5 b5 22. Rd2 a5 23. Red1 Ba6 24. f4 Qa7 25. Qf2 b4 26. Bd4 Bf8 27. g4 Bxd6 28.
exd6 f5 29. Qe3 Qf7 30. Qe5 Kf8 31. Re1 Bc8 32. gxf5 exf5 33. Qe7+ 1-0

[Event "C.to Europeo U14"]
[Site "Budva MNE"]
[Date "2013.09.30"]
[Round "2"]
[White "Geiger, Alex-Emanuel"]
[Black "Moroni, Luca jr"]
[Result "0-1"]
[WhiteElo "2038"]
[BlackElo "2239"]
[PlyCount "114"]
[EventDate "2013.09.29"]

1. e4 c5 2. c3 Nf6 3. e5 Nd5 4. d4 cxd4 5. Nf3 Nc6 6. cxd4 d6 7. Bc4 Nb6 8. Bb3
dxe5 9. d5 Na5 10. Nc3 Nxb3 11. Qxb3 f6 12. Be3 Kf7 13. Rd1 g6 14. O-O Bd7 15.
a4 Bg7 16. Rc1 Nc8 17. Qxb7 Nd6 18. Qa6 Qc8 19. Qe2 Qc4 20. Qxc4 Nxc4 21. b4
Nxe3 22. fxe3 Rhc8 23. Nxe5+ Ke8 24. Nxd7 Kxd7 25. Nb5 a6 26. Nd4 Kd6 27. e4 f5
28. Ne6 Bh6 29. Rxc8 Be3+ 30. Kh1 Rxc8 31. exf5 Kxd5 32. g4 Rc4 33. Re1 Bf2 34.
Re2 Ba7 35. h3 gxf5 36. gxf5 Rxb4 37. Nf8 Bc5 38. Nxh7 Rxa4 39. f6 exf6 40.
Nxf6+ Kc6 41. Ne4 Bd4 42. Kg2 Kd5 43. h4 a5 44. h5 Ra1 45. Ng3 a4 46. Nf5 Bc3
47. h6 Rb1 48. h7 Rb2 49. Kf3 Rxe2 50. Kxe2 Kc4 51. Ne3+ Kb3 52. Kd1 a3 53. Nc2
a2 54. Kc1 Bg7 55. Kd1 Kb2 56. Kd2 Bh8 57. Kd3 Bc3 0-1

[Event "C.to Europeo U14"]
[Site "Budva MNE"]
[Date "2013.10.01"]
[Round "3"]
[White "Moroni, Luca jr"]
[Black "Elistratov, Semen"]
[Result "1/2-1/2"]
[WhiteElo "2239"]
[BlackElo "2116"]
[PlyCount "152"]
[EventDate "2013.09.29"]

1. Nf3 Nf6 2. c4 b6 3. g3 Bb7 4. Bg2 e6 5. O-O Be7 6. Nc3 O-O 7. Re1 c5 8. e4
d6 9. d4 cxd4 10. Nxd4 Qc7 11. Be3 a6 12. Rc1 Nbd7 13. f4 Nc5 14. Bf2 Rfd8 15.
b4 Qb8 16. Qe2 Ncd7 17. a4 Ne8 18. Nb3 a5 19. bxa5 bxa5 20. Nb5 Nc5 21. Nxc5
dxc5 22. e5 Bxg2 23. Kxg2 Nc7 24. Red1 Qb7+ 25. Qf3 Qxf3+ 26. Kxf3 Na6 27. Ke2
Kf8 28. h3 Rac8 29. g4 Nb4 30. Nc3 Ke8 31. Ne4 Rc6 32. Be3 g6 33. Bf2 Na6 34.
Rb1 Rxd1 35. Kxd1 Nb4 36. Ke2 Kd7 37. h4 h6 38. h5 gxh5 39. gxh5 Ke8 40. Rg1
Kf8 41. Nd2 Rb6 42. Rb1 Ke8 43. Kf3 Rb8 44. Ne4 Rc8 45. Rg1 Kf8 46. Ke2 Rc6 47.
Be3 Nc2 48. Rb1 Nb4 49. Bd2 Rb6 50. Bxb4 axb4 51. Nd2 Ra6 52. Ra1 Ke8 53. Nb3
Kf8 54. Kd3 Ke8 55. Kc2 Ra7 56. a5 Ra6 57. Rg1 Kf8 58. f5 exf5 59. Rf1 Ke8 60.
Rxf5 Ra7 61. Rf3 Bd8 62. Rd3 Bxa5 63. Rd5 Bb6 64. e6 fxe6 65. Rd6 Ra2+ 66. Kb1
Ra3 67. Kb2 Bc7 68. Rxe6+ Kf7 69. Nxc5 Rh3 70. Rxh6 Be5+ 71. Kc2 Rc3+ 72. Kb1
Rxc4 73. Nd3 Bg7 74. Rb6 Rh4 75. Rb7+ Kg8 76. Rxb4 Rxb4+ 1/2-1/2

[Event "C.to Europeo U14"]
[Site "Budva MNE"]
[Date "2013.10.02"]
[Round "4"]
[White "Vogel, Roven"]
[Black "Moroni, Luca jr"]
[Result "0-1"]
[WhiteElo "2105"]
[BlackElo "2239"]
[PlyCount "72"]
[EventDate "2013.09.29"]

1. Nf3 d5 2. d4 Nf6 3. c4 e6 4. g3 dxc4 5. Qa4+ Nbd7 6. Bg2 a6 7. Qxc4 b5 8.
Qc2 Bb7 9. O-O c5 10. dxc5 Bxc5 11. Nc3 Rc8 12. a3 O-O 13. Bd2 Qe7 14. b4 Ba7
15. Qb3 Rc4 16. Rfc1 Rfc8 17. Ne1 Ne5 18. Bxb7 Qxb7 19. Ng2 Neg4 20. e3 Ne5 21.
Ne1 Qc6 22. Qd1 Rd8 23. Qe2 h5 24. Ra2 h4 25. Rac2 h3 26. f4 Neg4 27. Nd1 Rxc2
28. Rxc2 Qe4 29. Rc3 e5 30. Rd3 Re8 31. Qf1 exf4 32. Qxf4 Qe6 33. Nf3 Qc6 34.
Nc3 Ne5 35. Qxe5 Rxe5 36. Rd8+ Re8 0-1

[Event "C.to Europeo U14"]
[Site "Budva MNE"]
[Date "2013.10.03"]
[Round "5"]
[White "Moroni, Luca jr"]
[Black "Savenkov, Konstantin"]
[Result "1/2-1/2"]
[WhiteElo "2239"]
[BlackElo "2142"]
[PlyCount "124"]
[EventDate "2013.09.29"]

1. c4 e6 2. Nf3 d5 3. g3 c6 4. b3 Nf6 5. Bg2 Be7 6. O-O O-O 7. Bb2 Nbd7 8. Qc2
b5 9. d3 bxc4 10. bxc4 Ba6 11. Nbd2 Rb8 12. Rab1 Qa5 13. Bc3 Qa3 14. Nd4 Rxb1
15. Rxb1 Rc8 16. Rb2 Nb6 17. Qb3 Qa4 18. Qxa4 Nxa4 19. Rb3 Nxc3 20. Rxc3 Bb4
21. Rc2 Bxd2 22. Rxd2 c5 23. Nb3 g6 24. Rc2 dxc4 25. dxc4 Nd7 26. e3 Ne5 27. f4
Nd7 28. e4 Nb6 29. Bf1 Bb7 30. e5 Ba6 31. Kf2 Kf8 32. Nd2 Nd7 33. Ne4 Rc6 34.
Rd2 Ke7 35. h4 h5 36. Nd6 Nb8 37. Rb2 Nd7 38. Rd2 Rc7 39. Bd3 Rc6 40. Be4 Rc7
41. a4 f6 42. Bxg6 fxe5 43. Nb5 Bxb5 44. axb5 exf4 45. gxf4 Nb6 46. Bxh5 Nxc4
47. Re2 Kf6 48. Bg4 Re7 49. Kf3 Nd6 50. Re5 Nxb5 51. Rxc5 Nd6 52. Ra5 Rb7 53.
Ra3 Nc4 54. Ra6 Nb6 55. Ra2 Nd5 56. Ra3 Rc7 57. h5 Rc3+ 58. Rxc3 Nxc3 59. h6
Nb5 60. Ke3 Nc7 61. h7 Kg7 62. f5 exf5 1/2-1/2

[Event "C.to Europeo U14"]
[Site "Budva MNE"]
[Date "2013.10.05"]
[Round "6"]
[White "Martirosyan, Haik M."]
[Black "Moroni, Luca jr"]
[Result "1-0"]
[WhiteElo "2118"]
[BlackElo "2239"]
[PlyCount "71"]
[EventDate "2013.09.29"]

1. e4 c5 2. Nf3 d6 3. d4 Nf6 4. Nc3 cxd4 5. Nxd4 a6 6. Be3 e6 7. g4 e5 8. Nf5
h5 9. Bg5 Be6 10. gxh5 Nc6 11. Bg2 Bxf5 12. exf5 Be7 13. Bxf6 Bxf6 14. Nd5 Ne7
15. c3 Nxd5 16. Bxd5 Qd7 17. Qf3 O-O-O 18. O-O-O Rh6 19. Rhg1 Rdh8 20. Rg4 Rxh5
21. Bxb7+ Kd8 22. Bc6 Rxf5 23. Qd5 Qc7 24. Rb4 Rxh2 25. f3 Rg5 26. Rb7 e4 27.
Qxe4 Re5 28. Rxc7 Kxc7 29. Qb4 Kxc6 30. Rxd6+ Kc7 31. Qb6+ Kc8 32. Rc6+ Kd7 33.
Qb7+ Ke8 34. Rc8+ Bd8 35. Rxd8+ Kxd8 36. Qb8+ 1-0

[Event "C.to Europeo U14"]
[Site "Budva MNE"]
[Date "2013.10.06"]
[Round "7"]
[White "Moroni, Luca jr"]
[Black "Arsic, Djordje"]
[Result "1-0"]
[WhiteElo "2239"]
[BlackElo "2064"]
[PlyCount "75"]
[EventDate "2013.09.29"]

1. Nf3 Nf6 2. c4 e6 3. g3 d5 4. Bg2 Be7 5. O-O O-O 6. b3 c5 7. e3 Nc6 8. Bb2 b6
9. Qe2 Bb7 10. d3 Rc8 11. Nc3 Re8 12. Rac1 a6 13. Rfd1 d4 14. exd4 cxd4 15. Ne4
Ba8 16. Rb1 e5 17. Nxf6+ Bxf6 18. a3 a5 19. Bc1 Be7 20. Re1 Bd6 21. Ng5 h6 22.
Ne4 Bf8 23. Qg4 g6 24. f4 Bg7 25. f5 gxf5 26. Qxf5 Re6 27. Bh3 Ne7 28. Qh5 Rg6
29. Bd2 Qc7 30. Re2 Rf8 31. Rf1 Bb7 32. Ref2 Bc8 33. Bxc8 Nxc8 34. Nf6+ Kh8 35.
Nd5 Qb7 36. Rxf7 Rxf7 37. Qxg6 Rxf1+ 38. Kxf1 1-0

[Event "C.to Europeo U14"]
[Site "Budva MNE"]
[Date "2013.10.07"]
[Round "8"]
[White "Moroni, Luca jr"]
[Black "Kelires, Andreas"]
[Result "0-1"]
[WhiteElo "2239"]
[BlackElo "2189"]
[PlyCount "166"]
[EventDate "2013.09.29"]

1. Nf3 Nf6 2. c4 e6 3. g3 a6 4. Bg2 b5 5. b3 Bb7 6. O-O c5 7. d3 Be7 8. e4 d6
9. Qe2 O-O 10. Nc3 Qb6 11. Bb2 Nc6 12. Ne1 Nd4 13. Qd2 Nd7 14. f4 Bf6 15. g4 g6
16. g5 Bg7 17. Nf3 Bc6 18. h4 f5 19. gxf6 Nxf6 20. Bh3 Nh5 21. Nxd4 Bxd4+ 22.
Kg2 Rae8 23. Bg4 Nf6 24. Bf3 Rf7 25. Rab1 Qd8 26. Ne2 Bxb2 27. Qxb2 Rg7 28. Rg1
Rf8 29. h5 g5 30. Kh3 Qe8 31. h6 g4+ 32. Bxg4 Rg6 33. Bf3 Kh8 34. Rg5 e5 35.
Rbg1 Rxh6+ 36. Kg2 Qc8 37. f5 Rg8 38. Rxg8+ Qxg8+ 39. Kf1 Qf8 40. Qd2 Rh3 41.
Bg2 Qh6 42. Qxh6 Rxh6 43. Bf3 b4 44. Kg2 a5 45. a3 Nd7 46. Ra1 a4 47. bxa4 Rf6
48. Rb1 Bxa4 49. Nc1 bxa3 50. Ra1 Nb6 51. Rxa3 Kg7 52. Na2 Rf8 53. Nc3 Ra8 54.
Nd5 Nxd5 55. cxd5 Kf6 56. Kf2 Ra6 57. Ke3 Bb5 58. Rb3 Be8 59. Rb7 Bf7 60. Rb1
Ra8 61. Rh1 Kg7 62. f6+ Kxf6 63. Rxh7 Ra3 64. Rh6+ Ke7 65. Rh7 Kf6 66. Rh6+ Ke7
67. Rh1 c4 68. Be2 Be8 69. Rc1 cxd3 70. Bxd3 Bb5 71. Rd1 Kf6 72. Rf1+ Kg5 73.
Rg1+ Kh4 74. Rh1+ Kg3 75. Rg1+ Kh2 76. Rg6 Rxd3+ 77. Kf2 Kh3 78. Rxd6 Kg4 79.
Rf6 Rd2+ 80. Kg1 Kg3 81. Rg6+ Kf4 82. Rb6 Bd3 83. d6 Kg3 0-1

[Event "C.to Europeo U14"]
[Site "Budva MNE"]
[Date "2013.10.08"]
[Round "9"]
[White "Drygalov, Sergey"]
[Black "Moroni, Luca jr"]
[Result "1-0"]
[WhiteElo "2019"]
[BlackElo "2239"]
[PlyCount "61"]
[EventDate "2013.09.29"]

1. e4 c5 2. Nf3 d6 3. d4 Nf6 4. Nc3 cxd4 5. Nxd4 a6 6. Be3 e6 7. f3 b5 8. Qd2
Bb7 9. g4 Be7 10. O-O-O Nfd7 11. Qf2 Nc6 12. Kb1 Rc8 13. h4 Nce5 14. Nce2 Nc5
15. g5 Qc7 16. Bc1 Nxf3 17. Qxf3 Bxe4 18. Qh3 Bxh1 19. Qxh1 d5 20. Bg2 b4 21.
h5 a5 22. Qh3 Nd7 23. Rf1 Nb6 24. Qd3 Qc4 25. Qe3 O-O 26. g6 Bf6 27. gxf7+ Kh8
28. Rxf6 e5 29. Rxb6 exd4 30. Nxd4 Rxf7 31. Rc6 1-0

[Event "C.to Europeo U14 femminile"]
[Site "Budva MNE"]
[Date "2013.09.29"]
[Round "1"]
[White "Scarpa, Silvia"]
[Black "Espinosa Cancino, Monica"]
[Result "0-1"]
[WhiteElo "1802"]
[BlackElo "1569"]
[PlyCount "72"]
[EventDate "2013.09.29"]

1. e4 c5 2. Nc3 d6 3. g3 Nc6 4. d3 a6 5. Bg2 e5 6. Nf3 Nf6 7. O-O Be7 8. h3 b5
9. a3 h6 10. Nh2 Qb6 11. Ng4 Bxg4 12. hxg4 Qa7 13. Be3 Rd8 14. Nd5 Nd4 15. c3
Ne6 16. a4 Qb7 17. Nxe7 Kxe7 18. f4 Rc8 19. axb5 Qxb5 20. g5 hxg5 21. f5 Nc7
22. Bxg5 Qxb2 23. Rc1 Nb5 24. Rf2 Qa3 25. Bd2 c4 26. g4 Nd7 27. dxc4 Rxc4 28.
Ra1 Qc5 29. Rxa6 Nxc3 30. Qe1 Nb5 31. Bf1 Rc2 32. Be3 Qc3 33. Qd1 Rxf2 34. Bxf2
Nd4 35. Bg2 Qc4 36. Ra4 Ne2+ 0-1

[Event "C.to Europeo U14 femminile"]
[Site "Budva MNE"]
[Date "2013.09.30"]
[Round "2"]
[White "Greibrokk, Ingrid Andrea"]
[Black "Scarpa, Silvia"]
[Result "0-1"]
[WhiteElo "1626"]
[BlackElo "1802"]
[PlyCount "66"]
[EventDate "2013.09.29"]

1. e4 c5 2. Nf3 d6 3. d4 cxd4 4. Nxd4 Nf6 5. Nc3 a6 6. Bg5 e6 7. f4 Be7 8. Qf3
O-O 9. O-O-O Qc7 10. Be2 b5 11. g4 b4 12. Nb1 Bb7 13. Bxf6 Bxf6 14. g5 Bxd4 15.
Rxd4 Nc6 16. Rd3 Rfc8 17. Bd1 e5 18. f5 Nd4 19. Rxd4 exd4 20. f6 g6 21. h4 Re8
22. Nd2 d5 23. Re1 dxe4 24. Qg4 e3 25. Nb3 d3 26. Kb1 e2 27. Bxe2 Qxc2+ 28. Ka1
dxe2 29. Qf4 Qd1+ 30. Qc1 Qxc1+ 31. Nxc1 Rad8 32. a3 Rd1 33. Rxd1 exd1=Q 0-1

[Event "C.to Europeo U14 femminile"]
[Site "Budva MNE"]
[Date "2013.10.01"]
[Round "3"]
[White "Scarpa, Silvia"]
[Black "Jalaghonia, Nino"]
[Result "1/2-1/2"]
[WhiteElo "1802"]
[BlackElo "1691"]
[PlyCount "71"]
[EventDate "2013.09.29"]

1. e4 c5 2. Nc3 Nc6 3. d3 g6 4. g3 Bg7 5. Bg2 d6 6. Be3 e5 7. Nge2 Nge7 8. Qd2
Nd4 9. O-O O-O 10. Nd1 Qc7 11. c3 Nxe2+ 12. Qxe2 h6 13. f4 f5 14. fxe5 dxe5 15.
Qd2 Kh7 16. Bf2 f4 17. gxf4 exf4 18. d4 f3 19. Bg3 Qb6 20. Rxf3 Rxf3 21. Bxf3
cxd4 22. Bf2 Qf6 23. Bg2 dxc3 24. Nxc3 Bg4 25. Rf1 Qe5 26. Re1 Nc6 27. Rb1 Rf8
28. Rf1 Qh5 29. Bg3 Rxf1+ 30. Kxf1 Bd1 31. Qe3 a6 32. Qf2 Qg5 33. Bf4 Qh5 34.
Bg3 Qg5 35. Bf4 Qh5 36. Bg3 1/2-1/2

[Event "C.to Europeo U14 femminile"]
[Site "Budva MNE"]
[Date "2013.10.02"]
[Round "4"]
[White "Stashis, Anna"]
[Black "Scarpa, Silvia"]
[Result "0-1"]
[WhiteElo "1638"]
[BlackElo "1802"]
[PlyCount "62"]
[EventDate "2013.09.29"]

1. e4 c5 2. d4 cxd4 3. c3 Nf6 4. e5 Nd5 5. cxd4 Nc6 6. Nf3 d6 7. Bc4 Nb6 8. Bb3
d5 9. h3 Bf5 10. Nc3 h6 11. O-O e6 12. Ne2 Be4 13. Ne1 Be7 14. Ng3 Bg6 15. f4
Qc8 16. Be3 O-O 17. Rc1 Qd7 18. Bc2 Nc4 19. Bf2 Nxb2 20. Qg4 Nc4 21. f5 h5 22.
Qe2 exf5 23. Bb3 Bg5 24. Rd1 h4 25. Nh1 N6a5 26. Nf3 Bh5 27. Qe1 Bxf3 28. gxf3
Qd8 29. Bc2 g6 30. Qe2 Bf4 31. Rfe1 Qg5+ 0-1

[Event "C.to Europeo U14 femminile"]
[Site "Budva MNE"]
[Date "2013.10.03"]
[Round "5"]
[White "Scarpa, Silvia"]
[Black "Stsepkina, Katsiaryna"]
[Result "0-1"]
[WhiteElo "1802"]
[BlackElo "1707"]
[PlyCount "98"]
[EventDate "2013.09.29"]

1. e4 c5 2. Nc3 Nc6 3. g3 e6 4. Bg2 Nge7 5. d3 d5 6. exd5 exd5 7. Nge2 Be6 8.
O-O g6 9. Nf4 Bg7 10. Re1 Be5 11. Nxe6 fxe6 12. Kh1 Kd7 13. f4 Bg7 14. Bd2 Nf5
15. g4 Nd6 16. Na4 b6 17. Rc1 Rc8 18. Be3 d4 19. Bf2 h5 20. Qe2 Qf6 21. g5 Qf7
22. b3 Rce8 23. Qf3 Ne7 24. Nb2 Nd5 25. Nc4 Qxf4 26. Nxd6 Qxf3 27. Bxf3 Kxd6
28. Be4 Ne7 29. Re2 Nf5 30. Bb7 Be5 31. Rf1 Bf4 32. Rg1 e5 33. Be4 Ref8 34. h4
Rhg8 35. Bxf5 Rxf5 36. Bg3 Bxg3 37. Rxg3 Rf4 38. Rh3 Rgf8 39. Rg2 Kc6 40. Kh2
Kb5 41. a3 a5 42. a4+ Kb4 43. Kg1 Kc3 44. Re2 Rg4+ 45. Kh2 Rf5 46. Rg3 Rxh4+
47. Kg2 Rhf4 48. Kh3 Rf2 49. Rg2 Rxe2 0-1

[Event "C.to Europeo U14 femminile"]
[Site "Budva MNE"]
[Date "2013.10.05"]
[Round "6"]
[White "Feofilova, Elizaveta"]
[Black "Scarpa, Silvia"]
[Result "1/2-1/2"]
[WhiteElo "1715"]
[BlackElo "1802"]
[PlyCount "101"]
[EventDate "2013.09.29"]

1. d4 Nf6 2. c4 g6 3. f3 Nc6 4. e4 e5 5. d5 Nd4 6. Ne2 Bc5 7. Nbc3 Nh5 8. Qd3
O-O 9. h4 f5 10. Bg5 Qe8 11. O-O-O f4 12. Bh6 Rf7 13. Nxd4 Bxd4 14. Nb5 Be3+
15. Kb1 d6 16. g4 Ng3 17. Rh2 a6 18. Nc3 Bd7 19. h5 b5 20. hxg6 hxg6 21. Qc2 b4
22. Ne2 Rh7 23. Nc1 Qe7 24. Qg2 a5 25. Re1 Bxc1 26. Rxc1 g5 27. Rh3 Qf6 28. Qh2
Kf7 29. Bxg5 Rxh3 30. Qxh3 Qxg5 31. Qh7+ Qg7 32. Qxg7+ Kxg7 33. Bd3 Rh8 34. c5
Rh1 35. Rxh1 Nxh1 36. c6 Bc8 37. Kc2 a4 38. a3 Nf2 39. Bf1 bxa3 40. bxa3 Kg6
41. Kc3 Nd1+ 42. Kb4 Ne3 43. Be2 Nc2+ 44. Kxa4 Nd4 45. Bd1 Ba6 46. Kb4 Bf1 47.
a4 Ba6 48. Ka5 Bf1 49. Kb4 Kg5 50. a5 Ba6 51. Kc3 1/2-1/2

[Event "C.to Europeo U14 femminile"]
[Site "Budva MNE"]
[Date "2013.10.06"]
[Round "7"]
[White "Scarpa, Silvia"]
[Black "Kubicka, Anna"]
[Result "1-0"]
[WhiteElo "1802"]
[BlackElo "1706"]
[PlyCount "47"]
[EventDate "2013.09.29"]

1. e4 e5 2. Nf3 Nf6 3. Nxe5 d6 4. Nf3 Nxe4 5. Nc3 Nxc3 6. dxc3 Be7 7. Be3 Nd7
8. Qd2 a5 9. O-O-O O-O 10. Nd4 Nc5 11. f3 a4 12. a3 c6 13. g4 h6 14. Be2 Bd7
15. Rdg1 b5 16. g5 h5 17. g6 f5 18. f4 Ne4 19. Qd1 h4 20. Bf3 d5 21. Bxe4 dxe4
22. Qh5 Rf6 23. Qh7+ Kf8 24. Qh8# 1-0

[Event "C.to Europeo U14 femminile"]
[Site "Budva MNE"]
[Date "2013.10.07"]
[Round "8"]
[White "Gundogan, Sinem Cagla"]
[Black "Scarpa, Silvia"]
[Result "1-0"]
[WhiteElo "1722"]
[BlackElo "1802"]
[PlyCount "81"]
[EventDate "2013.09.29"]

1. e4 c5 2. Nf3 d6 3. d4 cxd4 4. Nxd4 Nf6 5. Nc3 a6 6. Be2 e5 7. Nb3 Be6 8. Be3
Be7 9. O-O O-O 10. Qd3 Nc6 11. Rfd1 h6 12. a3 b5 13. Nd5 Bxd5 14. exd5 e4 15.
Qd2 Ne5 16. a4 Rb8 17. Bd4 Nc4 18. Bxc4 bxc4 19. Na5 Rc8 20. Nc6 Qc7 21. Nxe7+
Qxe7 22. Qa5 Ra8 23. Qc3 Nxd5 24. Qxc4 Nf4 25. Be3 Rfc8 26. Qb3 Rab8 27. Qa3
Ne2+ 28. Kf1 Rxc2 29. Rxd6 Rbxb2 30. Rad1 Qh4 31. Rd8+ Kh7 32. Qf8 Nf4 33. Qg8+
Kg6 34. R8d6+ Ne6 35. Rxe6+ fxe6 36. Qxe6+ Qf6 37. Qxe4+ Kh5 38. g4+ Kh4 39.
g5+ Kh3 40. Qg2+ Kh4 41. Qg3+ 1-0

[Event "C.to Europeo U14 femminile"]
[Site "Budva MNE"]
[Date "2013.10.08"]
[Round "9"]
[White "Scarpa, Silvia"]
[Black "Moshou, Alexia"]
[Result "1-0"]
[WhiteElo "1802"]
[BlackElo "1647"]
[PlyCount "79"]
[EventDate "2013.09.29"]

1. e4 c5 2. Nc3 Nc6 3. g3 g6 4. d3 d6 5. Bg2 Bg7 6. Be3 Qd7 7. Qd2 b6 8. Nge2
Bb7 9. d4 e5 10. dxc5 bxc5 11. O-O Nd4 12. f4 Ne7 13. Nd1 Nxe2+ 14. Qxe2 exf4
15. Bxf4 O-O 16. Qd2 Rfd8 17. Qf2 Rf8 18. c3 h6 19. Qd2 d5 20. Bxh6 Bxh6 21.
Qxh6 dxe4 22. Ne3 f5 23. Rf4 Kf7 24. Rd1 Qb5 25. Bf1 Qxb2 26. Nc4 Qxc3 27. Nd6+
Ke6 28. Nxb7 Rh8 29. Qg5 Rh5 30. Rd6+ Kf7 31. Rxf5+ Nxf5 32. Qxg6+ Ke7 33. Re6+
Kf8 34. Rf6+ Qxf6 35. Qxf6+ Kg8 36. Qg6+ Ng7 37. Nd6 e3 38. Be2 Re5 39. Bc4+
Kh8 40. Qh6# 1-0

[Event "C.to Europeo U16"]
[Site "Budva MNE"]
[Date "2013.09.29"]
[Round "1"]
[White "Vesce, Emanuele"]
[Black "Kobo, Ori"]
[Result "1/2-1/2"]
[WhiteElo "2002"]
[BlackElo "2274"]
[PlyCount "70"]
[EventDate "2013.09.29"]

1. e4 e5 2. Nf3 Nc6 3. Bc4 Bc5 4. O-O Nf6 5. d4 Bxd4 6. Nxd4 Nxd4 7. f4 d6 8.
fxe5 dxe5 9. Bg5 Qe7 10. Kh1 Be6 11. Bxe6 Nxe6 12. Bxf6 gxf6 13. Nc3 c6 14. Ne2
Rd8 15. Qe1 Nd4 16. Nxd4 Rxd4 17. Rd1 Rxd1 18. Qxd1 Qe6 19. Qf3 Rg8 20. h3 Rg6
21. b3 Kf8 22. Rd1 Kg7 23. Qd3 Qe7 24. Kh2 Qc5 25. Qe2 Qe7 26. Qd3 Qa3 27. Qc4
b5 28. Qxc6 Qb4 29. a3 Qxa3 30. Qxb5 Kh6 31. Qc4 Qe7 32. Rd5 Qa3 33. Rd1 Qe7
34. Rd5 Qa3 35. Rd1 Qe7 1/2-1/2

[Event "C.to Europeo U16"]
[Site "Budva MNE"]
[Date "2013.09.29"]
[Round "1"]
[White "Basso, Pier Luigi"]
[Black "Valkama, Eero"]
[Result "1-0"]
[WhiteElo "2225"]
[BlackElo "1918"]
[PlyCount "73"]
[EventDate "2013.09.29"]

1. a3 Nf6 2. c4 e6 3. Nc3 d5 4. e3 b6 5. Nf3 Bb7 6. b4 Nbd7 7. Bb2 c5 8. bxc5
bxc5 9. Rb1 Bd6 10. Nxd5 Bxd5 11. cxd5 exd5 12. g4 O-O 13. Bb5 Rb8 14. Qa4 c4
15. Bxd7 Qxd7 16. Qxd7 Nxd7 17. Ke2 Rb7 18. Bd4 Rfb8 19. Rxb7 Rxb7 20. a4 Bc5
21. Bc3 Bb4 22. Rb1 a5 23. Bd4 f6 24. d3 Rc7 25. Ne1 Ne5 26. dxc4 Bxe1 27. Rxe1
Rxc4 28. f4 Nc6 29. Bb6 Rxa4 30. Rc1 Nb4 31. Rc8+ Kf7 32. f5 h5 33. gxh5 Ra2+
34. Kf3 Rxh2 35. Bc5 g5 36. hxg6+ Kg7 37. Bf8+ 1-0